[Event "FIDE WCC Blitz Women 2019"]
[Site "Moscow"]
[Date "2019.12.29"]
[Round "6.40"]
[White "Enkhtuul, Altan-Ulzii"]
[Black "Solozhenkina, Elizaveta"]
[Result "0-1"]
[WhiteElo "2149"]
[BlackElo "2214"]
[Annotator "NA"]
[PlyCount "138"]
[EventDate "2019.12.29"]
[EventType "swiss"]
[EventCountry "RUS"]
[SourceTitle "playchess.com"]
[Source "ChessBase"]
[SourceQuality "1"]

1. d4 Nf6 2. Nf3 e6 3. Bf4 d5 4. e3 c5 5. c3 Nc6 6. Nbd2 Bd6 7. Bg5 h6 8. Bh4 e5 9. dxe5 Nxe5 10. Nxe5 Bxe5 11. Nf3 Bc7 12. Bxf6 gxf6 13. Bb5+ Bd7 14. Qa4 a6 15. Bxd7+ Qxd7 16. Qxd7+ Kxd7 17. O-O-O Ke6 18. Kc2 h5 19. g3 Rad8 20. Rhe1 f5 21. Nh4 Kf6 22. Rd2 Rd7 23. f3 Rhd8 24. Red1 Ke6 25. Ng2 b6 26. Re2 Kf6 27. Red2 Ke6 28. Nh4 a5 29. a4 Kf6 30. e4 fxe4 31. fxe4 d4 32. Nf5 Be5 33. cxd4 cxd4 34. Rd3 Rc7+ 35. Kb3 Rdc8 36. Nxd4 Rc4 37. Rf1+ Kg6 38. Rfd1 Rb4+ 39. Ka3 Rcc4 40. b3 Rxd4 41. Rxd4 Rxd4 42. Re1 Bd6+ 43. Kb2 Bb4 44. Rc1 Rxe4 45. Rc6+ Re6 46. Rc2 f6 47. Rf2 Rd6 48. Kc2 Kg5 49. Rf4 f5 50. h3 Rd2+ 51. Kc1 Rd3 52. Kc2 Rxg3 53. Rc4 Rxh3 54. Kd1 Rxb3 55. Rc6 Bc5 56. Ke2 h4 57. Rc8 Kf4 58. Kf1 Kf3 59. Ke1 h3 60. Rh8 Rb1+ 61. Kd2 h2 62. Rh3+ Kg4 63. Rh8 h1=Q 64. Rxh1 Rxh1 65. Kd3 f4 66. Kc4 f3 67. Kb5 f2 68. Ka6 f1=Q+ 69. Ka7 Rh7+ 0-1

[Event "FIDE WCC Blitz Women 2019"]
[Site "Moscow"]
[Date "2019.12.29"]
[Round "6.41"]
[White "Atalik, Ekaterina"]
[Black "Semenova, Elena"]
[Result "1-0"]
[WhiteElo "2211"]
[BlackElo "2114"]
[Annotator "NA"]
[PlyCount "103"]
[EventDate "2019.12.29"]
[EventType "swiss"]
[EventCountry "RUS"]
[SourceTitle "playchess.com"]
[Source "ChessBase"]
[SourceQuality "1"]

1. Nf3 d5 2. e3 c5 3. c4 e6 4. d4 Nf6 5. cxd5 exd5 6. Nc3 Nc6 7. Bb5 Bd6 8. dxc5 Bxc5 9. O-O O-O 10. b3 Bg4 11. h3 Bh5 12. Be2 Bg6 13. Bb2 Rc8 14. Nb5 Ne4 15. Nbd4 Re8 16. Rc1 Qe7 17. Nxc6 bxc6 18. Ne5 Bf5 19. Bg4 Bxg4 20. Qxg4 Nf6 21. Qf3 Ne4 22. Rc2 f6 23. Nd3 Bd6 24. Rd1 Bb8 25. g3 Qe6 26. Kg2 Bd6 27. Nf4 Qf7 28. Qg4 Bxf4 29. Qxf4 Qe7 30. Qf5 Nd6 31. Qd3 Ne4 32. Bd4 h5 33. Rdc1 Qd7 34. h4 Kh8 35. Qe2 g6 36. f3 Nd6 37. Bxf6+ Kh7 38. Bg5 Nf5 39. Qd3 Qe6 40. Kf2 Rf8 41. Qa6 Nd6 42. Kg2 Qf5 43. Bf4 Nb5 44. Rxc6 Rxc6 45. Rxc6 Rb8 46. Rc5 Rb6 47. Qc8 d4 48. Qxf5 gxf5 49. Rxf5 dxe3 50. Bxe3 Rc6 51. g4 hxg4 52. Rxb5 1-0

[Event "FIDE WCC Blitz Women 2019"]
[Site "Moscow"]
[Date "2019.12.29"]
[Round "6.42"]
[White "Shumilina, Alexandra"]
[Black "Belenkaya, Dina"]
[Result "1/2-1/2"]
[WhiteElo "2139"]
[BlackElo "2203"]
[Annotator "NA"]
[PlyCount "162"]
[EventDate "2019.12.29"]
[EventType "swiss"]
[EventCountry "RUS"]
[SourceTitle "playchess.com"]
[Source "ChessBase"]
[SourceQuality "1"]

1. e4 d5 2. exd5 Qxd5 3. Nc3 Qa5 4. d4 c6 5. Nf3 Bf5 6. Bc4 e6 7. O-O Nf6 8. Qe2 Be7 9. Ne5 O-O 10. h3 b5 11. Bb3 Rd8 12. Be3 Qc7 13. Rad1 Nbd7 14. Bf4 Bd6 15. Bg3 Nb6 16. Rfe1 a5 17. a3 h6 18. Qf3 Rac8 19. a4 b4 20. Nb1 Nbd5 21. c4 bxc3 22. bxc3 Rb8 23. c4 Nb4 24. Nc3 Qb7 25. c5 Bxe5 26. dxe5 Nfd5 27. Bc4 Qa7 28. Bh4 Rd7 29. Ne4 Bxe4 30. Qxe4 Qxc5 31. Rc1 Qa7 32. Kh2 c5 33. f4 Nc6 34. Bf2 Nd4 35. Red1 Nb4 36. Bb5 Rd5 37. Bxd4 cxd4 38. Bc4 Rdd8 39. f5 exf5 40. Qxf5 Qe7 41. Rf1 Rb7 42. e6 f6 43. Qxa5 d3 44. Kh1 d2 45. Rcd1 Nc2 46. Rf2 Rb2 47. Rfxd2 Rxd2 48. Rxd2 Ne3 49. Qa8+ Kh7 50. Qe4+ f5 51. Qxe3 Rb1+ 52. Kh2 Qc7+ 53. Qg3 Qxc4 54. e7 Qe6 55. Qh4 Qe5+ 56. g3 Re1 57. Qc4 Qxe7 58. Qb5 Qe3 59. Rg2 Qe4 60. a5 Ra1 61. Qc5 Qe6 62. Qb5 h5 63. Rf2 g6 64. Qb7+ Kh6 65. Qb2 Rxa5 66. Qd2+ f4 67. Qxa5 Qe3 68. Qd2 Qxg3+ 69. Kh1 Qxh3+ 70. Kg1 Qg3+ 71. Rg2 Qf3 72. Rf2 Qg3+ 73. Kf1 Qh3+ 74. Ke1 Qh1+ 75. Ke2 Qe4+ 76. Kd1 Qb1+ 77. Qc1 Qd3+ 78. Qd2 Qb1+ 79. Qc1 Qd3+ 80. Ke1 Qe4+ 81. Kd1 Qd3+ 1/2-1/2

[Event "FIDE WCC Blitz Women 2019"]
[Site "Moscow"]
[Date "2019.12.29"]
[Round "6.43"]
[White "Paramzina, Anastasya"]
[Black "Bykova, Anastasia"]
[Result "0-1"]
[WhiteElo "2203"]
[BlackElo "2107"]
[Annotator "NA"]
[PlyCount "98"]
[EventDate "2019.12.29"]
[EventType "swiss"]
[EventCountry "RUS"]
[SourceTitle "playchess.com"]
[Source "ChessBase"]
[SourceQuality "1"]

1. e4 c6 2. d4 d5 3. exd5 cxd5 4. Bd3 Nc6 5. c3 Nf6 6. Bf4 Bg4 7. Qb3 Qc8 8. Nd2 e6 9. Ngf3 Be7 10. O-O Bh5 11. Ne5 Nxe5 12. Bxe5 O-O 13. Rfe1 a6 14. a4 Qc6 15. Qc2 Bg6 16. Bxg6 hxg6 17. a5 Nd7 18. Bg3 Rfc8 19. Nf3 b5 20. axb6 Qxb6 21. Reb1 a5 22. Ne5 Nf6 23. Bf4 Ne4 24. f3 Nd6 25. g3 Qxd4+ 26. Kg2 Qb6 27. Ra4 Nc4 28. b3 Ne3+ 29. Bxe3 Qxe3 30. Nd3 Bf6 31. Re1 Qb6 32. Ne5 Qc7 33. Qe2 Qxc3 34. Nd7 Bd8 35. h4 Qc7 36. Ne5 Rab8 37. h5 gxh5 38. f4 Qc2 39. Kf3 Rc3+ 40. Kg2 Rbxb3 41. Qxc2 Rxc2+ 42. Kh3 Rcc3 43. Rg1 h4 44. Kg4 Rxg3+ 45. Rxg3 Rxg3+ 46. Kh5 g6+ 47. Kh6 Bf6 48. Ng4 Rxg4 49. f5 Bg7# 0-1

[Event "FIDE WCC Blitz Women 2019"]
[Site "Moscow"]
[Date "2019.12.29"]
[Round "6.44"]
[White "Muetsch, Annmarie"]
[Black "Fominykh, Maria"]
[Result "0-1"]
[WhiteElo "2202"]
[BlackElo "2055"]
[Annotator "NA"]
[PlyCount "48"]
[EventDate "2019.12.29"]
[EventType "swiss"]
[EventCountry "RUS"]
[SourceTitle "playchess.com"]
[Source "ChessBase"]
[SourceQuality "1"]

1. e4 e6 2. d4 d5 3. Nd2 c5 4. exd5 Qxd5 5. Ngf3 cxd4 6. Bc4 Qd6 7. O-O Nf6 8. Nb3 Nc6 9. Nbxd4 Nxd4 10. Nxd4 a6 11. Re1 Be7 12. c3 O-O 13. Qf3 Qc7 14. Bb3 b5 15. Qxa8 Bb7 16. Bf4 Qb6 17. Qxf8+ Kxf8 18. Rad1 Nd5 19. Bg3 Bc5 20. Bc2 b4 21. Ne2 f6 22. c4 Ne7 23. Nf4 e5 24. Nd3 Qc6 0-1

[Event "FIDE WCC Blitz Women 2019"]
[Site "Moscow"]
[Date "2019.12.29"]
[Round "6.45"]
[White "Komiagina, Maria"]
[Black "Badelka, Olga"]
[Result "0-1"]
[WhiteElo "2106"]
[BlackElo "2186"]
[Annotator "NA"]
[PlyCount "94"]
[EventDate "2019.12.29"]
[EventType "swiss"]
[EventCountry "RUS"]
[SourceTitle "playchess.com"]
[Source "ChessBase"]
[SourceQuality "1"]

1. e4 c5 2. Nf3 Nc6 3. Bb5 e6 4. Bxc6 bxc6 5. d3 Ne7 6. O-O Qc7 7. Nc3 e5 8. Be3 d6 9. h3 Ng6 10. Ne2 Be7 11. Ng3 O-O 12. Nh2 Nf4 13. Bxf4 exf4 14. Nh5 f5 15. Nxf4 fxe4 16. Nh5 exd3 17. Qxd3 Bf5 18. Qd2 d5 19. Rfe1 Bd6 20. Nf1 Bg6 21. Nhg3 c4 22. c3 Bf4 23. Qd4 Bd3 24. Rad1 Rad8 25. Rxd3 cxd3 26. Qxd3 c5 27. Nh5 Be5 28. Qd2 g6 29. Nhg3 d4 30. cxd4 cxd4 31. Rc1 Qf7 32. Qe2 Bg7 33. Rd1 d3 34. Rxd3 Rxd3 35. Qxd3 Qxf2+ 36. Kh2 Qxb2 37. Qd5+ Kh8 38. Kg1 Qd4+ 39. Qxd4 Bxd4+ 40. Kh1 Be5 41. Kg1 Bxg3 42. Nxg3 Rb8 43. Ne4 Rb1+ 44. Kh2 Rb2 45. a4 Rb4 46. Nc3 Rc4 47. Nb5 Rxa4 0-1

[Event "FIDE WCC Blitz Women 2019"]
[Site "Moscow"]
[Date "2019.12.29"]
[Round "6.46"]
[White "Mikhaylova, Irina"]
[Black "Bivol, Alina"]
[Result "0-1"]
[WhiteElo "2090"]
[BlackElo "2186"]
[Annotator "NA"]
[PlyCount "118"]
[EventDate "2019.12.29"]
[EventType "swiss"]
[EventCountry "RUS"]
[SourceTitle "playchess.com"]
[Source "ChessBase"]
[SourceQuality "1"]

1. d4 Nf6 2. Nf3 g6 3. c4 Bg7 4. Nc3 d6 5. e4 O-O 6. Be2 Bg4 7. Be3 Nfd7 8. O-O Nc6 9. Qd2 Bxf3 10. Bxf3 e5 11. d5 Nd4 12. Bd1 c5 13. dxc6 bxc6 14. Ne2 c5 15. Nc3 Rb8 16. b3 f5 17. f3 Nf6 18. Nd5 fxe4 19. fxe4 Nxe4 20. Rxf8+ Qxf8 21. Qe1 Nf6 22. Bxd4 Nxd5 23. cxd5 exd4 24. Bg4 Be5 25. Be6+ Kg7 26. Qd2 Bf4 27. Qd3 Be3+ 28. Kh1 Qe7 29. Rf1 Rf8 30. g3 Rxf1+ 31. Qxf1 Bg5 32. Kg2 Bf6 33. Qa6 Qc7 34. Kf3 Be5 35. Qc8 Qe7 36. Qd7 Qxd7 37. Bxd7 Kf6 38. Ke4 Ke7 39. Be6 h6 40. Bg8 a6 41. Be6 Kf6 42. Bc8 Kg5 43. h4+ Kf6 44. Bxa6 Bxg3 45. a4 Ke7 46. Bc8 Bxh4 47. a5 Kd8 48. Be6 Kc7 49. Bf7 g5 50. Bh5 Be1 51. a6 Kb6 52. Be2 Bd2 53. Kf5 h5 54. Bxh5 Kxa6 55. Ke6 Bf4 56. Be2+ Ka5 57. Kf5 Kb4 58. Ke4 Kxb3 59. Ba6 Kc3 0-1

[Event "FIDE WCC Blitz Women 2019"]
[Site "Moscow"]
[Date "2019.12.29"]
[Round "6.47"]
[White "Lelekova, Olga"]
[Black "Bulatova, Kamaliya"]
[Result "0-1"]
[WhiteElo "2176"]
[BlackElo "2038"]
[Annotator "NA"]
[PlyCount "52"]
[EventDate "2019.12.29"]
[EventType "swiss"]
[EventCountry "RUS"]
[SourceTitle "playchess.com"]
[Source "ChessBase"]
[SourceQuality "1"]

1. e4 c5 2. Nf3 d6 3. d4 cxd4 4. Qxd4 a6 5. Bg5 Nc6 6. Qd2 g6 7. Nc3 Bg7 8. Be2 b5 9. O-O b4 10. Nd5 Bxb2 11. Rab1 Bg7 12. Nxb4 Nxb4 13. Qxb4 Nf6 14. e5 Nd5 15. Qa4+ Bd7 16. Qb3 Be6 17. c4 Nc7 18. Rfd1 h6 19. exd6 hxg5 20. dxc7 Qxc7 21. Qa4+ Bd7 22. Qb4 g4 23. Rxd7 Qxd7 24. Ng5 O-O 25. c5 Qf5 26. Qxg4 Qxb1+ 0-1

[Event "FIDE WCC Blitz Women 2019"]
[Site "Moscow"]
[Date "2019.12.29"]
[Round "6.48"]
[White "Bogumil, Tatiana"]
[Black "Balaian, Alina"]
[Result "0-1"]
[WhiteElo "1996"]
[BlackElo "2173"]
[Annotator "NA"]
[PlyCount "70"]
[EventDate "2019.12.29"]
[EventType "swiss"]
[EventCountry "RUS"]
[SourceTitle "playchess.com"]
[Source "ChessBase"]
[SourceQuality "1"]

1. Nf3 Nf6 2. c4 g6 3. b3 Bg7 4. Bb2 O-O 5. g3 d6 6. d4 b6 7. Nc3 Bb7 8. Bg2 Nbd7 9. d5 e5 10. O-O a5 11. e4 Nc5 12. Qc2 Nh5 13. Nd2 f5 14. f3 Bh6 15. a3 Bc8 16. Rad1 Be3+ 17. Kh1 Qg5 18. Ne2 Bxd2 19. Qxd2 Qxd2 20. Rxd2 fxe4 21. Nc1 exf3 22. Rxf3 Bg4 23. Rxf8+ Rxf8 24. Kg1 Nf6 25. h3 Bd7 26. Re2 Bf5 27. g4 Bd3 28. Nxd3 Nxd3 29. Bc3 Nf4 30. Re1 Nxg2 31. Kxg2 g5 32. Kg3 h6 33. Rf1 Ne4+ 34. Kg2 Rxf1 35. Kxf1 Nxc3 0-1

[Event "FIDE WCC Blitz Women 2019"]
[Site "Moscow"]
[Date "2019.12.29"]
[Round "6.49"]
[White "Mamedjarova, Zeinab"]
[Black "Antonova, Nadezhda"]
[Result "1-0"]
[WhiteElo "2325"]
[BlackElo "1914"]
[Annotator "TA"]
[PlyCount "99"]
[EventDate "2019.12.29"]
[EventType "swiss"]
[EventCountry "RUS"]
[SourceTitle "playchess.com"]
[Source "ChessBase"]
[SourceQuality "1"]

1. d4 Nf6 2. Nf3 e6 3. e3 b6 4. Bd3 Bb7 5. Nbd2 c5 6. O-O d6 7. b3 cxd4 8. exd4 Be7 9. c4 O-O 10. Re1 Nbd7 11. Bb2 Rc8 12. Rc1 Qc7 13. Bb1 Rfe8 14. Qe2 Bf8 15. Ng5 h6 16. Nge4 e5 17. dxe5 Nxe4 18. Nxe4 dxe5 19. Qg4 Bxe4 20. Qxe4 Nf6 21. Qf5 Bd6 22. Re3 Re6 23. h4 g6 24. Qh3 Bc5 25. Rg3 Rce8 26. Re1 Qd7 27. Bc3 Bd4 28. Bf5 Bxc3 29. Bxe6 Rxe6 30. Rxc3 Qd2 31. Rce3 h5 32. R3e2 Qd4 33. Qg3 e4 34. Qe3 Qd6 35. Rd2 Qe5 36. g3 Ng4 37. Rd8+ Kh7 38. Qd4 Qxd4 39. Rxd4 Kg7 40. Rdxe4 Rd6 41. Re7 Rd2 42. R1e2 Rd1+ 43. Kg2 Kf6 44. Rxa7 Ne5 45. Rb7 Nd3 46. Rxb6+ Kg7 47. a4 Ne1+ 48. Rxe1 Rxe1 49. a5 Ra1 50. a6 1-0

[Event "FIDE WCC Blitz Women 2019"]
[Site "Moscow"]
[Date "2019.12.29"]
[Round "6.50"]
[White "Tomilova, Elena"]
[Black "Munkhzul, Davaakhuu"]
[Result "1/2-1/2"]
[WhiteElo "2219"]
[BlackElo "1973"]
[Annotator "NA"]
[PlyCount "73"]
[EventDate "2019.12.29"]
[EventType "swiss"]
[EventCountry "RUS"]
[SourceTitle "playchess.com"]
[Source "ChessBase"]
[SourceQuality "1"]

1. d4 d5 2. Bg5 Nf6 3. Bxf6 exf6 4. e3 Bd6 5. c4 Be6 6. cxd5 Bxd5 7. Nc3 Bb4 8. Nf3 O-O 9. Bd3 Qe7 10. O-O Bxc3 11. bxc3 c5 12. c4 Bxf3 13. Qxf3 cxd4 14. exd4 Nc6 15. d5 Ne5 16. Qe4 g6 17. f4 Qc5+ 18. Kh1 Ng4 19. Qf3 Ne3 20. Rfe1 Nxc4 21. Rac1 b5 22. f5 g5 23. h4 Qd4 24. hxg5 Qh4+ 25. Kg1 Ne5 26. Rxe5 fxe5 27. f6 Qxg5 28. Re1 Kh8 29. Qh3 h6 30. Rxe5 Qxf6 31. Rh5 Kg7 32. Qg3+ Kh8 33. Qh3 Kg7 34. Qg3+ Kh8 35. Qh3 Kg7 36. Qg3+ Kh8 37. Qh3 1/2-1/2

[Event "FIDE WCC Blitz Women 2019"]
[Site "Moscow"]
[Date "2019.12.29"]
[Round "6.51"]
[White "Zhuravleva, Olga"]
[Black "Tsogzolmaa, Nanjid"]
[Result "0-1"]
[WhiteElo "2127"]
[BlackElo "1775"]
[Annotator "NA"]
[PlyCount "137"]
[EventDate "2019.12.29"]
[EventType "swiss"]
[EventCountry "RUS"]
[SourceTitle "playchess.com"]
[Source "ChessBase"]
[SourceQuality "1"]

1. e4 e6 2. d4 d5 3. Nd2 c5 4. exd5 Qxd5 5. Ngf3 cxd4 6. Bc4 Qd6 7. O-O Nf6 8. Nb3 Nc6 9. Nbxd4 Nxd4 10. Nxd4 a6 11. c3 Qc7 12. Bd3 Bd6 13. h3 h6 14. Qf3 Bh2+ 15. Kh1 Be5 16. Be3 O-O 17. Rfe1 Bd7 18. Rad1 Rad8 19. Bb1 Ba4 20. Rc1 Rfe8 21. Ne2 Bc6 22. Bb6 Qxb6 23. Qe3 Qxe3 24. fxe3 Be4 25. Nd4 Bxb1 26. Rxb1 Bxd4 27. exd4 Rd5 28. Rbd1 e5 29. dxe5 Rdxe5 30. Rxe5 Rxe5 31. Rd8+ Re8 32. Rd4 Re4 33. Rd8+ Kh7 34. Rb8 b5 35. Ra8 Ra4 36. a3 Ne4 37. Kg1 Nd2 38. Kf2 Ne4+ 39. Ke3 Nc5 40. Kd2 Re4 41. Rc8 Na4 42. b3 Nb6 43. Rc7 Kg6 44. Kd3 Re6 45. Ra7 Nd5 46. g3 Nf6 47. c4 bxc4+ 48. bxc4 Nh5 49. g4 Nf4+ 50. Kd4 Nxh3 51. Kd5 Nf4+ 52. Kd4 Ne2+ 53. Kd5 Nf4+ 54. Kd4 Rf6 55. c5 Ne6+ 56. Kd5 Nxc5 57. Kxc5 Kg5 58. Rd7 Kxg4 59. Rd4+ Kg5 60. Rd2 h5 61. a4 h4 62. Kc4 h3 63. Rd5+ Kg4 64. Rd8 h2 65. Rd1 Kg3 66. Rd3+ Kg2 67. Rd2+ Rf2 68. Rd1 h1=Q 69. Kd4 0-1

[Event "FIDE WCC Blitz Women 2019"]
[Site "Moscow"]
[Date "2019.12.29"]
[Round "6.52"]
[White "Geller, Anastasiya"]
[Black "Nurgali, Nazerke"]
[Result "0-1"]
[WhiteElo "2073"]
[BlackElo "2075"]
[Annotator "NA"]
[PlyCount "69"]
[EventDate "2019.12.29"]
[EventType "swiss"]
[EventCountry "RUS"]
[SourceTitle "playchess.com"]
[Source "ChessBase"]
[SourceQuality "1"]

1. d4 d5 2. Bf4 Nf6 3. e3 e6 4. c3 Bd6 5. Bxd6 Qxd6 6. f4 c5 7. Nd2 Nc6 8. Bd3 c4 9. Bc2 b5 10. Ngf3 a5 11. Ne5 Nd7 12. Qg4 O-O 13. O-O f5 14. Qh4 Rf6 15. g4 Ne7 16. Kh1 Bb7 17. Rf3 b4 18. Rg1 Rh6 19. Qg5 Nxe5 20. fxe5 Qd8 21. gxf5 Nxf5 22. Bxf5 Qxg5 23. Rxg5 exf5 24. Rgxf5 bxc3 25. bxc3 Bc6 26. Rf7 Rb8 27. Rc7 Be8 28. Kg2 Bg6 29. Rf2 Bd3 30. Nf3 Be4 31. Kg3 Rg6+ 32. Kh3 Bf5+ 33. Kh4 Rg4+ 34. Kh5 Rb6 35. e6 0-1

[Event "FIDE WCC Blitz Women 2019"]
[Site "Moscow"]
[Date "2019.12.29"]
[Round "6.53"]
[White "Gvanceladze, Anna"]
[Black "Danielian, Elina"]
[Result "0-1"]
[WhiteElo "2066"]
[BlackElo "2341"]
[Annotator "NA"]
[PlyCount "160"]
[EventDate "2019.12.29"]
[EventType "swiss"]
[EventCountry "RUS"]
[SourceTitle "playchess.com"]
[Source "ChessBase"]
[SourceQuality "1"]

1. Nf3 Nf6 2. c4 e6 3. g3 b6 4. Bg2 Bb7 5. O-O Be7 6. Nc3 O-O 7. Re1 d5 8. cxd5 exd5 9. d4 Nbd7 10. Bf4 Nh5 11. Be3 Nhf6 12. Bf4 c6 13. Rc1 Re8 14. Qc2 h6 15. Qb1 Rc8 16. Bh3 Ra8 17. Rc2 g5 18. Nxg5 hxg5 19. Bxg5 Nf8 20. Bh6 Ng6 21. Bf5 Bc8 22. Bd3 Bf8 23. Bg5 Bg7 24. h4 Qd6 25. Rcc1 Nh7 26. Bd2 Bg4 27. Kg2 Bxd4 28. f3 Bd7 29. h5 Ngf8 30. Rh1 Be3 31. Bxe3 Rxe3 32. Rh4 Rae8 33. Nd1 Rxe2+ 34. Bxe2 Rxe2+ 35. Nf2 c5 36. Re1 Rxe1 37. Qxe1 Be6 38. Nd3 c4 39. Nf4 d4 40. h6 d3 41. Qd2 Ng6 42. Nxg6 fxg6 43. Re4 Nf6 44. Re1 Bf5 45. b3 b5 46. bxc4 bxc4 47. Qc3 Kh7 48. Qxc4 Qd7 49. Qc5 Kxh6 50. g4 Bxg4 51. fxg4 Qxg4+ 52. Kf2 Qf4+ 53. Kg2 Qd2+ 54. Kf1 Qf4+ 55. Kg2 Ng4 56. Rh1+ Kg7 57. Qe7+ Qf7 58. Qxf7+ Kxf7 59. Kf3 Ne5+ 60. Ke3 Ke6 61. Rh7 a5 62. Ra7 Kd6 63. Ra6+ Ke7 64. Ra7+ Ke6 65. Ra6+ Kd7 66. Kd2 g5 67. Kc3 g4 68. Rxa5 Ke6 69. Ra6+ Kf5 70. Ra8 g3 71. Rf8+ Ke4 72. a4 g2 73. Rg8 Kf3 74. Rxg2 Kxg2 75. a5 Kf3 76. a6 Ke2 77. a7 d2 78. a8=Q d1=Q 79. Qe4+ Kf2 80. Qxe5 Qa1+ 0-1

[Event "FIDE WCC Blitz Women 2019"]
[Site "Moscow"]
[Date "2019.12.29"]
[Round "6.54"]
[White "Shafigullina, Zarina"]
[Black "Agrest, Inna"]
[Result "1/2-1/2"]
[WhiteElo "2052"]
[BlackElo "2180"]
[Annotator "NA"]
[PlyCount "118"]
[EventDate "2019.12.29"]
[EventType "swiss"]
[EventCountry "RUS"]
[SourceTitle "playchess.com"]
[Source "ChessBase"]
[SourceQuality "1"]

1. Nf3 Nf6 2. g3 g6 3. Bg2 Bg7 4. O-O O-O 5. d4 d6 6. c4 Nbd7 7. Nc3 a6 8. Re1 Rb8 9. a4 e5 10. e4 exd4 11. Nxd4 Ng4 12. h3 Qf6 13. Nf3 Nge5 14. Nd5 Qd8 15. Qe2 c6 16. Nc3 a5 17. Be3 Qe7 18. Nd4 Nc5 19. Rad1 Re8 20. Kh2 h5 21. Nc2 h4 22. g4 Be6 23. Bxc5 dxc5 24. b3 Nxg4+ 25. hxg4 Bxc3 26. Rh1 Rbd8 27. f4 Bg7 28. Qf3 Bc8 29. f5 Be5+ 30. Kh3 Qg5 31. Ne3 Bd4 32. Nc2 Be5 33. Ne3 Bf4 34. Nc2 Bc7 35. Ne3 Be5 36. Rhf1 Rxd1 37. Rxd1 Rd8 38. Rxd8+ Qxd8 39. fxg6 fxg6 40. Qe2 Qd4 41. Bf3 Bf4 42. Ng2 Bg3 43. Nxh4 Bxh4 44. Kxh4 Qf6+ 45. Kg3 Qe5+ 46. Kg2 Qf4 47. Qd3 Be6 48. Qd8+ Kg7 49. Qe7+ Bf7 50. e5 Qd2+ 51. Kg3 Qe1+ 52. Kg2 Qd2+ 53. Kh3 Qh6+ 54. Kg3 Qe3 55. g5 Qg1+ 56. Bg2 Qe3+ 57. Bf3 Qg1+ 58. Bg2 Qe3+ 59. Bf3 Qg1+ 1/2-1/2

[Event "FIDE WCC Blitz Women 2019"]
[Site "Moscow"]
[Date "2019.12.29"]
[Round "6.55"]
[White "Karavaeva, Olga"]
[Black "Protopopova, Anastasiya"]
[Result "0-1"]
[WhiteElo "2174"]
[BlackElo "2084"]
[Annotator "NA"]
[PlyCount "66"]
[EventDate "2019.12.29"]
[EventType "swiss"]
[EventCountry "RUS"]
[SourceTitle "playchess.com"]
[Source "ChessBase"]
[SourceQuality "1"]

1. c4 c6 2. e4 d5 3. exd5 cxd5 4. d4 Nf6 5. Nc3 g6 6. Qb3 Bg7 7. cxd5 O-O 8. Nge2 a5 9. a4 Ra6 10. Nf4 Rb6 11. Bb5 Na6 12. O-O Nb4 13. Rd1 Bf5 14. Rd2 Bh6 15. Re2 Qd6 16. g3 g5 17. Ng2 Nfxd5 18. Nxd5 Nxd5 19. Bd2 Ra8 20. Rc1 e6 21. Ne3 Nxe3 22. Qxe3 Qd8 23. h4 Bg7 24. Qxg5 Qxg5 25. hxg5 Bxd4 26. Be3 Bxe3 27. Rxe3 Rd6 28. Rc7 b6 29. Rb7 Rad8 30. Kg2 Kg7 31. Rc3 Be4+ 32. f3 Bxb7 33. Rc7 Rd2+ 0-1

[Event "FIDE WCC Blitz Women 2019"]
[Site "Moscow"]
[Date "2019.12.29"]
[Round "6.56"]
[White "Nilssen, Ellen Fredericia"]
[Black "Nosacheva, Mariya"]
[Result "0-1"]
[WhiteElo "2162"]
[BlackElo "2062"]
[Annotator "NA"]
[PlyCount "74"]
[EventDate "2019.12.29"]
[EventType "swiss"]
[EventCountry "RUS"]
[SourceTitle "playchess.com"]
[Source "ChessBase"]
[SourceQuality "1"]

1. d4 Nf6 2. c4 g6 3. Nc3 Bg7 4. e4 d6 5. Be2 O-O 6. Bg5 h6 7. Be3 c5 8. d5 e6 9. Qd2 Kh7 10. h3 exd5 11. exd5 Re8 12. Nf3 Bf5 13. O-O Na6 14. a3 Rb8 15. Rfe1 Nc7 16. Bf4 Ne4 17. Nxe4 Bxe4 18. a4 a6 19. Ra3 b5 20. axb5 axb5 21. Rb3 Qf6 22. Be3 bxc4 23. Bxc4 Rxb3 24. Bxb3 Bxf3 25. gxf3 Qxf3 26. Ba4 Re5 27. Bf4 Rxd5 28. Qe3 Qxe3 29. Rxe3 Ne6 30. Bg3 Bxb2 31. Bb3 Rg5 32. h4 Rf5 33. Bxd6 Bd4 34. Re2 Nf4 35. Re7 Bxf2+ 36. Kh2 Bxh4 37. Bxf7 Bxe7 0-1

[Event "FIDE WCC Blitz Women 2019"]
[Site "Moscow"]
[Date "2019.12.29"]
[Round "6.57"]
[White "Dauletova, Gulmira"]
[Black "Barchuk, Irina"]
[Result "1-0"]
[WhiteElo "2112"]
[BlackElo "2047"]
[Annotator "NA"]
[PlyCount "81"]
[EventDate "2019.12.29"]
[EventType "swiss"]
[EventCountry "RUS"]
[SourceTitle "playchess.com"]
[Source "ChessBase"]
[SourceQuality "1"]

1. e4 c5 2. Nc3 Nc6 3. g3 g6 4. Bg2 Bg7 5. Nge2 d6 6. d3 e6 7. O-O Nge7 8. Bg5 O-O 9. Qd2 Nd4 10. Nc1 b5 11. Nd1 b4 12. c3 bxc3 13. bxc3 Ndc6 14. Rb1 Qa5 15. Nb3 Qa4 16. d4 cxd4 17. cxd4 d5 18. Nc3 Qb4 19. a3 Qd6 20. e5 Qxa3 21. Nb5 Qa4 22. Nc5 Qa5 23. Qxa5 Nxa5 24. Bxe7 Re8 25. Bd6 Rd8 26. Nc7 Bd7 27. Nxa8 Rxa8 28. Nxd7 Nc4 29. Rb8+ Rxb8 30. Bxb8 a5 31. Ra1 Bh6 32. Bf1 Bd2 33. Ba7 Bc3 34. Ra2 Bb4 35. Bc5 Bc3 36. Nb6 Nd2 37. Na4 Ne4 38. Nxc3 Nxc3 39. Rxa5 Kg7 40. Ra8 Ne4 41. Bf8+ 1-0

[Event "FIDE WCC Blitz Women 2019"]
[Site "Moscow"]
[Date "2019.12.29"]
[Round "6.58"]
[White "Khokhlova, Daria"]
[Black "Fatianova, Tatiana"]
[Result "1-0"]
[WhiteElo "2109"]
[BlackElo "2029"]
[Annotator "NA"]
[PlyCount "65"]
[EventDate "2019.12.29"]
[EventType "swiss"]
[EventCountry "RUS"]
[SourceTitle "playchess.com"]
[Source "ChessBase"]
[SourceQuality "1"]

1. d4 Nc6 2. d5 Nb8 3. e4 d6 4. c4 Nf6 5. Nc3 g6 6. f4 Bg7 7. Nf3 c6 8. Bd3 Bg4 9. h3 Bxf3 10. Qxf3 cxd5 11. cxd5 Qb6 12. Bb5+ Nbd7 13. e5 dxe5 14. fxe5 Ng8 15. Be3 Qa5 16. O-O O-O-O 17. Bxd7+ Rxd7 18. e6 fxe6 19. dxe6 Rd3 20. Rac1 Bxc3 21. Qf8+ Rd8 22. Qg7 Nf6 23. Rxc3+ Kb8 24. Bf4+ Ka8 25. Bc7 Rdg8 26. Qxg8+ Rxg8 27. Bxa5 b6 28. Bb4 Nd5 29. Rb3 Kb7 30. Ba3 h5 31. Rd3 Rd8 32. Rfd1 Ne3 33. Rxd8 1-0

[Event "FIDE WCC Blitz Women 2019"]
[Site "Moscow"]
[Date "2019.12.29"]
[Round "6.59"]
[White "Afonasieva, Anna"]
[Black "Serikbay, Assel"]
[Result "0-1"]
[WhiteElo "2099"]
[BlackElo "2028"]
[Annotator "NA"]
[PlyCount "92"]
[EventDate "2019.12.29"]
[EventType "swiss"]
[EventCountry "RUS"]
[SourceTitle "playchess.com"]
[Source "ChessBase"]
[SourceQuality "1"]

1. d4 d5 2. Nf3 Nf6 3. c4 c6 4. Nc3 a6 5. e3 b5 6. b3 g6 7. Be2 Bg7 8. O-O O-O 9. cxd5 cxd5 10. Bb2 Nc6 11. Ne5 Bb7 12. f4 Qd6 13. Rc1 Rac8 14. Nd3 Nd7 15. Qe1 Rfe8 16. f5 e5 17. fxe6 fxe6 18. Bf3 Ne7 19. a4 b4 20. Ne2 a5 21. Ng3 e5 22. dxe5 Nxe5 23. Nxe5 Bxe5 24. Bxe5 Qxe5 25. Qd2 Rc3 26. Rxc3 bxc3 27. Qf2 Nc6 28. Ne2 Nb4 29. Kh1 Qxe3 30. Qh4 c2 31. h3 Nd3 32. Qf6 Qe7 33. Qc3 Ne5 34. Nd4 Nxf3 35. Qxf3 Rc8 36. Rc1 Qg5 37. Rxc2 Rxc2 38. Nxc2 Qc1+ 39. Kh2 Qxc2 40. Qe3 Qe4 41. Qb6 d4 42. Qd8+ Kg7 43. Qc7+ Kh6 44. Qg3 d3 45. Qf2 Qxg2+ 46. Qxg2 Bxg2 0-1